plaque d'immatriculation allemande - Statistiques

Statistiques générales
  • Ce quiz a été pris 61 fois
  • Le résultat moyen est 11 sur 26
Statistiques - réponses
Hint Réponse % Correct
B Berlin
96%
M Munich
91%
F Francfort-sur-le-Main
83%
K Cologne
78%
S Stuttgart
72%
D Düsseldorf
69%
N Nuremberg
69%
H Hanovre
67%
E Essen
63%
L Leipzig
56%
UL Ulm
48%
A Augsbourg
46%
IN Ingolstadt
39%
TR Trèves
33%
C chemnitz
31%
P Potsdam
31%
J Iena
30%
W Wuppertal
28%
OL Oldenbourg
20%
R Ratisbonne
19%
G Gera
17%
Z Zwickau
15%
V Vogtland
7%
QFT Querfurt
6%
Y Bundeswehr(armée allemande)
4%
X OTAN
4%
Aucun quiz correspondant
Distribution des résultats
% des personnes avec chaque résultat
Percentile par nombre de réponses
Votre historique - résultats
Vous n’avez pas pris ce quiz